All 50 States Quiz Stats

 Plays Quiz not verified by Sporcle

Also try: Rediculous Flags
Challenge
Share
Tweet
Embed
Score 0/50 Timer 06:00
0 Plays Today
Related to the state State % Correct
CelebritiesCalifornia
94.9%
Disney WorldFlorida
94%
The Big AppleNew York
94%
Sarah Palin Alaska
91.6%
Lone Star StateTexas
89.5%
Starbucks was founded hereWashington
87.8%
VolcanoesHawaii
87.3%
Space camp Alabama
87.2%
Peanuts and peachesGeorgia
83.9%
Milk is the official state drinkNorth Dakota
83.7%
Mount RushmoreSouth Dakota
82.8%
Babe Ruth hit his first home run hereNorth Carolina
82.6%
Iced tea... ;)Arizona
82.3%
Wizard of OzKansas
82%
The largest Gingko farm is hereSouth Carolina
81.2%
Most densely populated stateNew Jersey
80.8%
The Rio GrandeNew Mexico
80.4%
Bill Clinton was born hereArkansas
80.1%
One of the Four CornersColorado
79.6%
JamestownVirginia
79%
L.L. BeanMaine
78.9%
Horse raceKentucky
78.8%
Neil Armstrong was born hereOhio
78.5%
Corn and coalIllinois
76.9%
Home to the car capital of the worldMichigan
76.2%
Related to the state State % Correct
Smallest stateRhode Island
76.2%
Treasure ValleyIdaho
76.1%
First stateDelaware
75.5%
Largest gold producing stateNevada
75.5%
Mardi GrasLouisiana
75.3%
The Carousel MuseumOregon
74.8%
Elvis Presley was born hereMississippi
73.8%
Graceland is hereTennessee
73.2%
Mother's Day was founded hereWest Virginia
72.9%
David Letterman was born hereIndiana
72.2%
The first potato was planted hereNew Hampshire
72%
Hershey ParkPennsylvania
71.6%
Yellowstone National Park (partly)Montana
71.1%
Babe Ruth was born hereMaryland
70.7%
The world's largest srawberryIowa
69.3%
YaleConnecticut
69.2%
Lowest populationWyoming
68.9%
The Rainbow Trout is the state fishUtah
67.9%
Only state capital without a McDonaldsVermont
67.1%
Basketball Hall of FameMassachusetts
67.1%
Mall of AmericaMinnesota
66.1%
Badger StateWisconsin
65.6%
911 was developed hereNebraska
64.2%
Harry Truman was born hereMissouri
62.7%
The National Cowboy Hall of FameOklahoma
62%

You're not logged in!

Compare scores with friends on all Sporcle quizzes.
Join for Free
OR
Log In

You Might Also Like...

Show Comments

Extras

Created Jul 30, 2011ReportNominate
Tags:United States Quiz, 50

Top Quizzes Today


Score Distribution

Your Account Isn't Verified!

In order to create a playlist on Sporcle, you need to verify the email address you used during registration. Go to your Sporcle Settings to finish the process.

Report this User

Report this user for behavior that violates our Community Guidelines.

Details: